00429 a2200157 4500003000400000005001700004008004100021020001800062040000900080082002300089100001800112245005900130250001200189260005600201300001400257OSt20260309141653.0260309b |||||||| |||| 00| 0 eng d a9788195689590 coclc a398.2095483bMON/K aMonji, Rajesh aKompala: Nattarivukal /c Rajesh Monji, Manzur Ali P P a1st ed. aMalappuram:bMES Mampad College (Autonomous)c2024, a184 pages